|
|
|
|
| LEADER |
00000nam a2200000 a 4500 |
| 001 |
vtls001072473 |
| 003 |
SK-MaSNL |
| 005 |
20260302063856.0 |
| 008 |
251029s1992 xo 000 0 slo |
| 015 |
|
|
|a SNBA1993/09
|
| 020 |
|
|
|a 8085700018
|q (brož.)
|
| 035 |
|
|
|a SNK000015304
|
| 035 |
|
|
|a urn:nbn:sk:snk-amkpeh
|
| 035 |
|
|
|a urn:nbn:sk:snk-am005eve
|
| 035 |
|
|
|a 64E38FA2-BA56-4477-9A61-9B6CD1EED9EF
|
| 040 |
|
|
|a SNK
|b slo
|c SNK
|e AACR2
|
| 041 |
1 |
|
|a slo
|h eng
|
| 044 |
|
|
|a xo
|c SK
|
| 080 |
|
|
|a 334.7
|2 1981
|
| 100 |
1 |
|
|a Staša, J.
|4 aut
|9 725592
|
| 245 |
1 |
0 |
|a Podnikateľské oprávnenia
|c J. Staša ; Prekl. L. Bernátová
|
| 250 |
|
|
|a 1. vyd., reed.
|
| 260 |
|
|
|a Bratislava
|b DUO-D-Print
|b ACTORIS SYSTEM
|b Medzinárodná organizácia práce [vyd.]
|b Ministerstvo práce a sociálnych vecí SR a ČSFR na podporu drobného podnikania [vyd.]
|c 1992
|
| 300 |
|
|
|a 32 s.
|c 20 cm
|
| 490 |
1 |
|
|a Zo zamestnania do podnikania
|v zv. 2
|
| 500 |
|
|
|a Vyšlo za pomoci Medzinárodnej organizácie práce Ženeva a nezištnej finančnej pomoci holandskej vlády
|
| 700 |
1 |
|
|a Bernátová, L.
|4 trl
|9 626932
|
| 830 |
|
0 |
|a Zo zamestnania do podnikania
|9 375976
|
| 852 |
|
|
|a Slovenská národná knižnica
|
| 919 |
|
|
|a 80-85700-01-8
|
| 954 |
|
|
|a živnosti
|
| 954 |
|
|
|a oprávnenia podnikateľské p. aj živnosti
|
| 958 |
|
|
|a BQ
|
| 958 |
|
|
|a TL
|
| 958 |
|
|
|a OP
|
| 968 |
|
|
|d Z angl. orig.
|
| 999 |
|
|
|c 1134513
|d 1136443
|
| 952 |
|
|
|t P60, <04>, [BOOK], {604}
|a SNK
|b SNK
|y VYP
|7 0
|p 17A0350952
|o snkSD 65366 D1
|i snkKSP 3615/93
|0 0
|1 0
|4 0
|d 2002-08-15
|f 1
|l 0
|r 2004-12-31 00:00:00
|w 2026-02-24
|
| 952 |
|
|
|a SNK
|b SNK
|y PREZ
|7 0
|p 17A1034659
|o snkSD 65366
|0 0
|1 0
|4 0
|d 2013-07-19
|l 0
|r 2026-02-24 19:14:51
|w 2026-02-24
|